000 00300 a2200145 4500
001 60626
020 _a8522200114
040 _cAnchieta - Pituba
240 1 0 _aMaterial pedagógico
_lpor
245 1 0 _aMaterial pedagógico
300 _a505
362 0 _a1981
650 4 _aEducação
942 _cBK
999 _c60626
_d60626